| 000 | 00771nam a22002417a 4500 | ||
|---|---|---|---|
| 005 | 20170123162344.0 | ||
| 010 | _aA-282456 | ||
| 020 | _c25.00 | ||
| 035 | _aA-282456 | ||
| 037 | _bCen Lib/Ret | ||
| 040 |
_aDPL _bUR |
||
| 082 |
_a370 _bا ج ت |
||
| 100 |
_aاجتر الواسع _9129916 |
||
| 245 |
_aسر سید کی تعلیمی تحریر / _cاجتر الواسع |
||
| 246 |
_aSir Sayed ki taleemi tahreer / _bby Ajtarul Wase |
||
| 260 |
_aنیی دہلی _bمکتبہ جامہ لمیٹڈ _c1985 |
||
| 270 |
_bنیی دہلی _aجامہ نگر _e110025 |
||
| 300 |
_a119p. _c21cm(Hb) |
||
| 650 |
_aتعلیم _9129917 |
||
| 650 |
_aتحریری مطالع _9646 |
||
| 650 |
_aEducation _91169 |
||
| 942 |
_2ddc _cUR _h370 _mا ج ت |
||
| 999 |
_c108768 _d108768 |
||